00997nam a2200265Ia 4500001000900000003000500009005001700014008004100031010001100072020001800083040000900101082002200110100002600132245015600158260005300314300001700367500014600384650002700530650002900557650002200586650001900608700003100627700004000658700003300698dia_2567CHAP20240417130528.0220117s1980 xx 000 0 und d a173085 a84-237-0471-8 cCHAP a660.2969 B35 1974 aBalzhiser, Richard E. aTermodinámica química para ingenieros /c Richard E. Balzhiser, Michael R. Samuels y John D. Eliassen ; traducción Juan L. Hernández Sánchez aEspaña :b Prentice-Hall Internacional,c1980 axvii, 733 p. aTítulo original: Chemical engineering thermodynamics (The study of energy, entropy and equilibrium) \ El ejemplar 3 es material fotocopiado aChemical engineering  aIngeniería química  aTermodinámica  aThermodynamics aEliassen, John D., coaut.  aHernández Sánchez, Juan L., tr. aSamuels, Michael R., coaut.